000 00428nam a2200169Ia 4500
008 230524s9999 xx 000 0 und d
082 _a621.382
_bGRO
100 _aNoresh Grover
245 0 _aElectronics Componet and Materials
250 _a2ND
260 _aNEW DELHI
_bDhanapat Rai
_c2005
300 _aVIII;219
500 _aQuantity Number: 2
650 _aElectronics
700 _a Kuldipsingh Jornal
942 _cBK
999 _c10005
_d10005